Historicizing race (Record no. 750203)
[ view plain ]
| 000 -LEADER | |
|---|---|
| fixed length control field | 00941nam a2200313Ia 4500 |
| 003 - CONTROL NUMBER IDENTIFIER | |
| control field | OSt |
| 005 - DATE AND TIME OF LATEST TRANSACTION | |
| control field | 20220928113546.0 |
| 008 - FIXED-LENGTH DATA ELEMENTS--GENERAL INFORMATION | |
| fixed length control field | 220927b |||||||| |||| 00| 0 eng d |
| 037 ## - SOURCE OF ACQUISITION | |
| Terms of availability | Textual |
| 040 ## - CATALOGING SOURCE | |
| Original cataloging agency | SDCL |
| Transcribing agency | SDCL |
| Language of cataloging | eng |
| 041 ## - LANGUAGE CODE | |
| Source of code | eng |
| Language code of text/sound track or separate title | eng |
| 100 ## - MAIN ENTRY--PERSONAL NAME | |
| Personal name | Turda Marius |
| 9 (RLIN) | 433792 |
| 245 #0 - TITLE STATEMENT | |
| Title | Historicizing race |
| 260 ## - PUBLICATION, DISTRIBUTION, ETC. | |
| Place of publication, distribution, etc. | New Delhi |
| Name of publisher, distributor, etc. | Bloomsbury |
| Date of publication, distribution, etc. | 2018 |
| 300 ## - PHYSICAL DESCRIPTION | |
| Extent | vii,189p. |
| Dimensions | cm. |
| 650 ## - SUBJECT ADDED ENTRY--TOPICAL TERM | |
| Topical term or geographic name entry element | History of race |
| 9 (RLIN) | 433793 |
| 650 ## - SUBJECT ADDED ENTRY--TOPICAL TERM | |
| Topical term or geographic name entry element | Race biologism |
| 9 (RLIN) | 433794 |
| 650 ## - SUBJECT ADDED ENTRY--TOPICAL TERM | |
| Topical term or geographic name entry element | Racial thought |
| 9 (RLIN) | 433795 |
| 650 ## - SUBJECT ADDED ENTRY--TOPICAL TERM | |
| Topical term or geographic name entry element | Xenophobia |
| 9 (RLIN) | 433796 |
| 650 ## - SUBJECT ADDED ENTRY--TOPICAL TERM | |
| Topical term or geographic name entry element | Scientific racism |
| 9 (RLIN) | 433797 |
| 700 ## - ADDED ENTRY--PERSONAL NAME | |
| Personal name | Quine Maria Sophia |
| 9 (RLIN) | 433798 |
| 942 ## - ADDED ENTRY ELEMENTS (KOHA) | |
| Classification part | S7v, Q8 |
| Koha item type | Textual |
| Source of classification or shelving scheme | Colon Classification (CC) |
| Withdrawn status | Lost status | Damaged status | Not for loan | Home library | Current library | Date acquired | Source of acquisition | Total Checkouts | Full call number | Barcode | Date last seen | Price effective from | Koha item type |
|---|---|---|---|---|---|---|---|---|---|---|---|---|---|
| South Campus Library | South Campus Library | 2022-09-28 | 35, 18/01/2019, Classic Book Service | S7v Q8 | SC1624267 | 2022-09-28 | 2022-09-28 | Textual |
